A modern pilgrimage / (Record no. 23488)
[ view plain ]
| 000 -LEADER | |
|---|---|
| fixed length control field | 00789nam a22002651 4500 |
| 001 - CONTROL NUMBER | |
| control field | 23488 |
| 003 - CONTROL NUMBER IDENTIFIER | |
| rucl marc code | BD-RjUL |
| 005 - DATE AND TIME OF LATEST TRANSACTION | |
| control field | 20211209000933.0 |
| 008 - FIXED-LENGTH DATA ELEMENTS--GENERAL INFORMATION | |
| fixed length control field | 140311s1933 nyu 001 0 eng |
| 035 ## - SYSTEM CONTROL NUMBER | |
| System control number | (BD-RjUL)23553 |
| System control number | (OCoLC)419030 |
| 040 ## - CATALOGING SOURCE | |
| Original cataloging agency | DLC |
| Transcribing agency | OAU |
| Modifying agency | DLC |
| -- | BD-RjUL |
| Language of cataloging | eng |
| 041 ## - LANGUAGE CODE | |
| Language code of text/sound track or separate title | eng |
| 082 ## - DEWEY DECIMAL CLASSIFICATION NUMBER | |
| Classification number | 915.69 |
| Author mark and year | BEM 1933 |
| 100 1# - MAIN ENTRY--PERSONAL NAME | |
| Personal name | Berenson, Mary. |
| 9 (RLIN) | 72330 |
| 245 12 - TITLE STATEMENT | |
| Title | A modern pilgrimage / |
| Statement of responsibility, etc. | Mary Berenson ... |
| 260 ## - PUBLICATION, DISTRIBUTION, ETC. (IMPRINT) | |
| Place of publication, distribution, etc. | New York ; |
| -- | London : |
| Name of publisher, distributor, etc. | D. Appleton and company, |
| Date of publication, distribution, etc. | c1933. |
| 300 ## - PHYSICAL DESCRIPTION | |
| Pagination | xiii, 354, [1] p. : |
| Illustrations | ill., front., (map) ; |
| Size | 23 cm. |
| 504 ## - BIBLIOGRAPHY, ETC. NOTE | |
| Bibliography, etc | Includes index. |
| 651 #0 - SUBJECT ADDED ENTRY--GEOGRAPHIC NAME | |
| Geographic name | Palestine |
| General subdivision | Description and travel. |
| 9 (RLIN) | 71043 |
| Geographic name | Syria |
| General subdivision | Description and travel. |
| 9 (RLIN) | 49106 |
| 942 ## - ADDED ENTRY ELEMENTS (KOHA) | |
| Source of classification or shelving scheme | Dewey Decimal Classification |
| Koha item type | Books |
| Lost status | Source of classification or shelving scheme | Damaged status | Not for loan | Collection code | Permanent Location | Current Location | Shelving location | Date acquired | Source of acquisition | Cost, normal purchase price | Total Checkouts | Full call number | Date last seen | Copy number | Koha item type |
|---|---|---|---|---|---|---|---|---|---|---|---|---|---|---|---|
| Dewey Decimal Classification | Added to bundle | Non-fiction | Central Library, University of Rajshahi | Central Library, University of Rajshahi | Reading Room | 14/11/1966 | AH. Quarishi | 14.40 | 915.69 BEM 1933 | 11/03/2014 | C-1 | Books |